[Event "HUN-chT2 Erkel 1819"]
[Site "Hungary"]
[Date "2018.11.18"]
[Round "2.3"]
[White "Lorincz, Istvan"]
[Black "Szepes, Tamas"]
[Result "1/2-1/2"]
[WhiteElo "2221"]
[BlackElo "2178"]
[PlyCount "88"]
[EventDate "2018.10.28"]
[EventType "team-tourn"]
[EventRounds "9"]
[EventCountry "HUN"]
[SourceTitle "EXT 2021"]
[Source "ChessBase"]
[SourceDate "2020.10.23"]
[SourceVersion "1"]
[SourceVersionDate "2020.10.23"]
[SourceQuality "1"]
[WhiteTeam "Budapest EAC"]
[BlackTeam "Pestszentlorinc"]
[WhiteTeamCountry "HUN"]
[BlackTeamCountry "HUN"]

1. d4 d5 2. Nf3 Nf6 3. c4 e6 4. cxd5 exd5 5. Qc2 c6 6. Nc3 Be7 7. Bf4 0-0 8. e3 Re8 9. Bd3 Nbd7 10. 0-0 Nf8 11. h3 Ng6 12. Bh2 Bd6 13. Rab1 Bxh2+ 14. Kxh2 a5 15. a3 Qd6+ 16. Kh1 Bd7 17. b4 axb4 18. axb4 Ra3 19. Qb2 Rea8 20. b5 c5 21. dxc5 Qxc5 22. Rbc1 Qd6 23. Ra1 Rxa1 24. Rxa1 Rc8 25. Ne2 Ne4 26. Kg1 Nc5 27. Bxg6 hxg6 28. Rd1 Ne4 29. Nf4 Rc5 30. Nd4 Nc3 31. Ra1 Rc4 32. Nd3 Qf6 33. Ra3 Nxb5 34. Ra8+ Kh7 35. Nf3 Bc6 36. Nde5 Nd6 37. Nxc4 dxc4 38. h4 Bxf3 39. Qxf6 gxf6 40. gxf3 b5 41. Rd8 Nf5 42. Rb8 Nxh4 43. Rxb5 Nxf3+ 44. Kf1 Ne5 1/2-1/2

[Event "HUN-chT2 Breyer 1617"]
[Site "Hungary"]
[Date "2017.04.09"]
[Round "9.1"]
[White "Berek, Geza"]
[Black "Lorincz, Istvan"]
[Result "0-1"]
[WhiteElo "2196"]
[BlackElo "2251"]
[PlyCount "66"]
[EventDate "2016.10.30"]
[EventType "team-tourn"]
[EventRounds "9"]
[EventCountry "HUN"]
[SourceTitle "EXT 2021"]
[Source "ChessBase"]
[SourceDate "2020.10.23"]
[SourceVersion "1"]
[SourceVersionDate "2020.10.23"]
[SourceQuality "1"]
[WhiteTeam "Nyergesujfalu"]
[BlackTeam "Budapest MLTC"]
[WhiteTeamCountry "HUN"]
[BlackTeamCountry "HUN"]

1. e4 c6 2. d4 d5 3. exd5 cxd5 4. Bd3 Nc6 5. c3 Qc7 6. Ne2 Bg4 7. f3 Bh5 8. Nf4 Nf6 9. g4 Bg6 10. g5 Nh5 11. Nxd5 Qd6 12. Be4 e6 13. Ne3 Be7 14. Nc4 Qc7 15. Nba3 0-0 16. Bd2 Rad8 17. Qa4 Bxe4 18. fxe4 Ng3 19. hxg3 Qxg3+ 20. Ke2 Rxd4 21. cxd4 Nxd4+ 22. Kd1 Qf3+ 23. Kc1 Ne2+ 24. Kc2 Qxe4+ 25. Kd1 Qxh1+ 26. Kxe2 Qxa1 27. Qxa7 Qh1 28. Qe3 Rd8 29. Qf3 Qxf3+ 30. Kxf3 Bxa3 31. bxa3 Rd4 32. Ke3 Rxc4 33. Kd3 Rg4 0-1

[Event "HUN-chT2 Breyer 1617"]
[Site "Hungary"]
[Date "2017.02.12"]
[Round "6.2"]
[White "Lorincz, Istvan"]
[Black "Laza, Szabolcs"]
[Result "1/2-1/2"]
[WhiteElo "2251"]
[BlackElo "2116"]
[PlyCount "82"]
[EventDate "2016.10.30"]
[EventType "team-tourn"]
[EventRounds "9"]
[EventCountry "HUN"]
[SourceTitle "EXT 2021"]
[Source "ChessBase"]
[SourceDate "2020.10.23"]
[SourceVersion "1"]
[SourceVersionDate "2020.10.23"]
[SourceQuality "1"]
[WhiteTeam "Budapest MLTC"]
[BlackTeam "Budapest MTK II"]
[WhiteTeamCountry "HUN"]
[BlackTeamCountry "HUN"]

1. d4 d5 2. Nf3 Nf6 3. c4 c6 4. Qc2 dxc4 5. Qxc4 b5 6. Qc2 Bb7 7. Bg5 e6 8. Nbd2 Be7 9. e3 Nbd7 10. a4 a6 11. Be2 0-0 12. 0-0 Rc8 13. Qb3 Qc7 14. Rfc1 e5 15. axb5 axb5 16. Bxb5 exd4 17. exd4 c5 18. Bd3 Qb8 19. Ne5 Nxe5 20. dxe5 Qxe5 21. Bxf6 Bxf6 22. Qxb7 Qxb2 23. Qe4 g6 24. Nc4 Qxa1 25. Rxa1 Bxa1 26. h4 Rce8 27. Qf3 Re1+ 28. Kh2 Re6 29. Nd2 Rf6 30. Qg3 Re8 31. Ne4 Rf5 32. Qe3 Kg7 33. g3 Bd4 34. Qc1 Rf3 35. Qd1 Rf5 36. f4 Rd5 37. Bc4 Rdd8 38. Ng5 Re7 39. Bxf7 Bf6 40. Qc2 Bxg5 41. hxg5 Rxf7 1/2-1/2

[Event "HUN-chT2 Maroczy 1516"]
[Site "Hungary"]
[Date "2016.04.03"]
[Round "8.4"]
[White "Nayhebaver, Martin"]
[Black "Lorincz, Istvan"]
[Result "1-0"]
[WhiteElo "2418"]
[BlackElo "2257"]
[PlyCount "71"]
[EventDate "2015.10.18"]
[EventType "team-tourn"]
[EventRounds "9"]
[EventCountry "HUN"]
[SourceTitle "EXT 2017"]
[Source "ChessBase"]
[SourceDate "2016.10.25"]
[SourceVersion "1"]
[SourceVersionDate "2016.10.25"]
[SourceQuality "1"]
[WhiteTeam "DVTK EMSE"]
[BlackTeam "MLTC"]
[WhiteTeamCountry "HUN"]
[BlackTeamCountry "HUN"]

1. e4 c6 2. Nc3 d5 3. Nf3 Bg4 4. d4 e6 5. h3 Bh5 6. Bd3 Nf6 7. 0-0 Be7 8. Re1 0-0 9. Qe2 a6 10. Bd2 b5 11. a3 Nbd7 12. exd5 cxd5 13. g4 Bg6 14. g5 Bxd3 15. cxd3 Nh5 16. Nxd5 Bd6 17. Ne5 Nxe5 18. dxe5 Bxe5 19. Qxe5 exd5 20. Rac1 Qd7 21. Kg2 Rfe8 22. Qd4 Qf5 23. Qg4 g6 24. Qxf5 gxf5 25. Kf3 Re6 26. Rc5 Rae8 27. Rec1 Rd6 28. Rc6 Ree6 29. Rc8+ Kg7 30. R1c7 d4 31. Bb4 Rd5 32. Rf8 h6 33. Rcxf7+ Kg6 34. gxh6 Kxh6 35. Rg8 f4 36. Bf8+ 1-0

[Event "HUN-chT2 Maroczy 1314"]
[Site "Hungary"]
[Date "2014.03.02"]
[Round "8"]
[White "Rakaczki, Csaba"]
[Black "Lorincz, Istvan"]
[Result "0-1"]
[WhiteElo "2144"]
[BlackElo "2241"]
[PlyCount "62"]
[EventDate "2013.09.08"]
[EventType "team-tourn"]
[EventRounds "11"]
[EventCountry "HUN"]
[SourceTitle "EXT 2016"]
[Source "ChessBase"]
[SourceDate "2015.10.08"]
[SourceVersion "1"]
[SourceVersionDate "2015.10.08"]
[SourceQuality "1"]
[WhiteTeam "Debrecen SBK"]
[BlackTeam "Budapest MLTC II"]
[WhiteTeamCountry "HUN"]
[BlackTeamCountry "HUN"]

1. e4 c6 2. d4 d5 3. exd5 cxd5 4. Bd3 Nc6 5. c3 Qc7 6. Ne2 Bg4 7. h3 Bxe2 8. Qxe2 Nxd4 9. Qd1 Nc6 10. 0-0 e6 11. Re1 Nf6 12. Bg5 Be7 13. Qc2 h6 14. Bh4 0-0 15. a3 Nh5 16. Bxe7 Qxe7 17. g3 Qd6 18. Kg2 e5 19. Nd2 Nf6 20. Rad1 Rad8 21. Bb5 Qc7 22. Qf5 e4 23. Bxc6 bxc6 24. f3 exf3+ 25. Nxf3 Ne4 26. Qe5 Qb6 27. Re2 Rfe8 28. Qd4 Qc7 29. Kg1 Nxg3 30. Rxe8+ Rxe8 31. Qa4 Re4 0-1

[Event "HUN-chT2 Maroczy 1314"]
[Site "Hungary"]
[Date "2014.02.16"]
[Round "7"]
[White "Teglas, Balazs"]
[Black "Lorincz, Istvan"]
[Result "0-1"]
[WhiteElo "2209"]
[BlackElo "2241"]
[PlyCount "58"]
[EventDate "2013.09.08"]
[EventType "team-tourn"]
[EventRounds "11"]
[EventCountry "HUN"]
[SourceTitle "EXT 2016"]
[Source "ChessBase"]
[SourceDate "2015.10.08"]
[SourceVersion "1"]
[SourceVersionDate "2015.10.08"]
[SourceQuality "1"]
[WhiteTeam "Lila Futo"]
[BlackTeam "Budapest MLTC II"]
[WhiteTeamCountry "HUN"]
[BlackTeamCountry "HUN"]

1. d4 Nf6 2. Nf3 e6 3. Bf4 c5 4. e3 b6 5. Nc3 d5 6. Nb5 Na6 7. Ne5 Bb7 8. c3 Be7 9. Be2 0-0 10. 0-0 Nb8 11. a4 a6 12. Na3 Nc6 13. a5 Nxa5 14. dxc5 bxc5 15. Qa4 Qb6 16. Nc2 Nb3 17. Rad1 Rad8 18. Bg5 c4 19. Qa2 Qc7 20. Bf4 Bd6 21. Nf3 Bxf4 22. exf4 Qxf4 23. Nfd4 Nxd4 24. Rxd4 Qc7 25. f4 Ne4 26. Bf3 Nc5 27. Qb1 Nb3 28. Rdd1 Qxf4 29. Bxd5 Qc7 0-1

[Event "HUN-chT2 Maroczy 1314"]
[Site "Hungary"]
[Date "2013.08.22"]
[Round "2"]
[White "Havasi, Janos"]
[Black "Lorincz, Istvan"]
[Result "1/2-1/2"]
[WhiteElo "2187"]
[BlackElo "2241"]
[PlyCount "60"]
[EventDate "2013.09.08"]
[EventType "team-tourn"]
[EventRounds "11"]
[EventCountry "HUN"]
[SourceTitle "EXT 2016"]
[Source "ChessBase"]
[SourceDate "2015.10.08"]
[SourceVersion "1"]
[SourceVersionDate "2015.10.08"]
[SourceQuality "1"]
[WhiteTeam "Budapest Vasas"]
[BlackTeam "Budapest MLTC II"]
[WhiteTeamCountry "HUN"]
[BlackTeamCountry "HUN"]

1. e4 c6 2. d4 d5 3. Nc3 dxe4 4. Nxe4 Bf5 5. Ng3 Bg6 6. Nf3 Nd7 7. Bd3 Ngf6 8. 0-0 Qc7 9. Re1 e6 10. c4 Bb4 11. Re2 Bxd3 12. Qxd3 0-0 13. c5 Qb8 14. Qc4 Ba5 15. b4 Bc7 16. b5 Nd5 17. Rb2 Qc8 18. bxc6 bxc6 19. Ne4 N7f6 20. Nxf6+ Nxf6 21. Rab1 Nd5 22. Bd2 Re8 23. Qa4 h6 24. a3 Bb8 25. Re1 Rd8 26. Qc4 Bc7 27. Reb1 Re8 28. Qa4 Bb8 29. Re1 Rd8 30. Qc4 Bc7 1/2-1/2

[Event "HUN-chT2 Charousek 1112"]
[Site "Hungary"]
[Date "2012.05.20"]
[Round "11"]
[White "Lorincz, Istvan"]
[Black "Dankhazi, Andras"]
[Result "1/2-1/2"]
[WhiteElo "2270"]
[BlackElo "2085"]
[PlyCount "61"]
[EventDate "2011.09.25"]
[EventType "team-tourn"]
[EventRounds "11"]
[EventCountry "HUN"]
[SourceTitle "EXT 2013"]
[Source "ChessBase"]
[SourceDate "2012.11.22"]
[SourceVersion "1"]
[SourceVersionDate "2012.11.22"]
[SourceQuality "1"]
[WhiteTeam "MLTC II"]
[BlackTeam "Paks II"]
[WhiteTeamCountry "HUN"]
[BlackTeamCountry "HUN"]

1. d4 Nf6 2. Nf3 e6 3. c4 d5 4. cxd5 exd5 5. Qc2 c6 6. Nc3 g6 7. Bg5 Be7 8. e3 Bf5 9. Bd3 Bxd3 10. Qxd3 Nbd7 11. 0-0 0-0 12. a3 Re8 13. b4 a6 14. Rab1 Ne4 15. Bxe7 Qxe7 16. Na4 Nd6 17. Nc5 Nb6 18. Nd2 Nbc4 19. Nxc4 Nxc4 20. Rfe1 Nd6 21. a4 Qg5 22. f3 f5 23. Nd7 Qe7 24. Ne5 Nf7 25. Nxf7 Qxf7 26. b5 axb5 27. axb5 Re6 28. bxc6 bxc6 29. Rb6 Qe7 30. Qb3 Ra3 31. Rb8+ 1/2-1/2

[Event "HUN-chT2 Charousek 1112"]
[Site "Hungary"]
[Date "2012.03.25"]
[Round "8"]
[White "Lorincz, Istvan"]
[Black "Istvanovszky, Kalman"]
[Result "0-1"]
[WhiteElo "2270"]
[BlackElo "2235"]
[PlyCount "78"]
[EventDate "2011.09.25"]
[EventType "team-tourn"]
[EventRounds "11"]
[EventCountry "HUN"]
[SourceTitle "EXT 2013"]
[Source "ChessBase"]
[SourceDate "2012.11.22"]
[SourceVersion "1"]
[SourceVersionDate "2012.11.22"]
[SourceQuality "1"]
[WhiteTeam "MLTC II"]
[BlackTeam "Penzugyor II"]
[WhiteTeamCountry "HUN"]
[BlackTeamCountry "HUN"]

1. d4 Nf6 2. Nf3 g6 3. c3 Bg7 4. Bf4 0-0 5. e3 b6 6. a4 a6 7. h3 Bb7 8. Be2 d6 9. 0-0 Nbd7 10. Nbd2 Qe8 11. Bh2 Rc8 12. Qb3 e5 13. dxe5 dxe5 14. Nc4 Ne4 15. Rad1 Qe6 16. Na5 Qxb3 17. Nxb3 Nd6 18. Rd2 Rfe8 19. a5 b5 20. Rfd1 Bf8 21. Bg3 f6 22. Ne1 Bc6 23. Nc2 Nb8 24. Nb4 Nc4 25. Bxc4+ bxc4 26. Na1 Ba4 27. Nac2 Bd6 28. e4 Bxb4 29. cxb4 Nc6 30. Rc1 Rcd8 31. Rxd8 Rxd8 32. Ne3 Bb5 33. Nd5 Kf7 34. Nxc7 Nxb4 35. Rc3 Rc8 36. Nd5 Nxd5 37. exd5 Rd8 38. b3 cxb3 39. Rxb3 Rxd5 0-1

[Event "HUN-chT2 Charousek 1112"]
[Site "Hungary"]
[Date "2011.11.27"]
[Round "4"]
[White "Lorincz, Istvan"]
[Black "Sarok, Peter"]
[Result "1-0"]
[WhiteElo "2270"]
[BlackElo "2143"]
[PlyCount "99"]
[EventDate "2011.09.25"]
[EventType "team-tourn"]
[EventRounds "11"]
[EventCountry "HUN"]
[SourceTitle "EXT 2013"]
[Source "ChessBase"]
[SourceDate "2012.11.22"]
[SourceVersion "1"]
[SourceVersionDate "2012.11.22"]
[SourceQuality "1"]
[WhiteTeam "MLTC II"]
[BlackTeam "Kisber Aszar"]
[WhiteTeamCountry "HUN"]
[BlackTeamCountry "HUN"]

1. d4 Nf6 2. Nf3 e6 3. c4 Bb4+ 4. Bd2 Qe7 5. g3 0-0 6. Bg2 Nc6 7. 0-0 Bxd2 8. Nbxd2 d6 9. e4 e5 10. d5 Nb8 11. b4 Bg4 12. Qc2 a5 13. a3 Nbd7 14. Nh4 axb4 15. axb4 Rfe8 16. h3 Bh5 17. Nb3 b6 18. Rfc1 Qf8 19. Rab1 Reb8 20. Ra1 Bg6 21. Nd2 Qc8 22. Nxg6 hxg6 23. Qb2 Rb7 24. Ra3 Rba7 25. Rca1 Ra6 26. Bf1 Rxa3 27. Rxa3 Qb7 28. Qa2 Rxa3 29. Qxa3 Ne8 30. Qa4 Qc8 31. h4 Nef6 32. Qc6 Qd8 33. Bh3 Kf8 34. Kf1 Ke7 35. Ke2 Nh7 36. Nf3 Nhf6 37. Ng5 Nb8 38. Qa8 Nh5 39. Qa7 Nd7 40. Ke3 Nhf6 41. Nf3 Qb8 42. Qa6 Kd8 43. Ng5 Ke7 44. Qb5 Qd8 45. Qc6 Kf8 46. Be6 Qc8 47. Nxf7 Qa6 48. Qxc7 Qa3+ 49. Ke2 Qb2+ 50. Kf3 1-0

[Event "HUN-chT2 Maroczy 1011"]
[Site "Hungary"]
[Date "2010.09.12"]
[Round "1"]
[White "Lorincz, Istvan"]
[Black "Kopasz, Robert"]
[Result "1/2-1/2"]
[WhiteElo "2265"]
[BlackElo "2283"]
[PlyCount "61"]
[EventDate "2010.09.12"]
[EventType "team-tourn"]
[EventRounds "11"]
[EventCountry "HUN"]
[SourceTitle "EXT 2012"]
[Source "ChessBase"]
[SourceDate "2011.11.24"]
[SourceVersion "1"]
[SourceVersionDate "2011.11.24"]
[SourceQuality "1"]
[WhiteTeam "MLTC II"]
[BlackTeam "Maroczy"]
[WhiteTeamCountry "HUN"]
[BlackTeamCountry "HUN"]

1. d4 d5 2. Nf3 Nf6 3. c4 e6 4. cxd5 exd5 5. Qc2 c6 6. Nc3 Bg4 7. Ne5 Bh5 8. Bg5 Be7 9. e3 Nfd7 10. Bf4 Nxe5 11. Bxe5 Bf6 12. Bg3 Bg6 13. Bd3 Be7 14. 0-0 Bd6 15. Rab1 Bxg3 16. hxg3 Nd7 17. b4 a6 18. a4 Nb6 19. Ra1 Nc4 20. b5 0-0 21. Rfc1 axb5 22. Bxg6 hxg6 23. axb5 Qe7 24. Qd3 Ra3 25. Qe2 Rfa8 26. Rab1 Re8 27. bxc6 bxc6 28. Nd1 Qf6 29. Qf3 Qe7 30. Qe2 Qf6 31. Qf3 1/2-1/2

[Event "HUN-chT2 Maroczy 0910"]
[Site "Hungary"]
[Date "2010.01.17"]
[Round "4"]
[White "Lorincz, Istvan"]
[Black "Fekete, Albert"]
[Result "1/2-1/2"]
[WhiteElo "2265"]
[BlackElo "2262"]
[PlyCount "75"]
[EventDate "2009.11.08"]
[EventType "team-tourn"]
[EventRounds "11"]
[EventCountry "HUN"]
[SourceTitle "EXT 2011"]
[Source "ChessBase"]
[SourceDate "2010.11.26"]
[SourceVersion "1"]
[SourceVersionDate "2010.11.26"]
[SourceQuality "1"]
[WhiteTeam "MLTC II"]
[BlackTeam "Gyula"]
[WhiteTeamCountry "HUN"]
[BlackTeamCountry "HUN"]

1. Nf3 c5 2. c4 Nc6 3. Nc3 d6 4. g3 g6 5. Bg2 Bg7 6. 0-0 e5 7. d3 Nge7 8. a3 0-0 9. Rb1 b6 10. b4 Bg4 11. b5 Nd4 12. Nd2 Qd7 13. Bxa8 Rxa8 14. f3 Bh3 15. Rf2 f5 16. e3 Ne6 17. Nd5 Rf8 18. a4 Bh6 19. a5 f4 20. Ne4 Nxd5 21. cxd5 fxe3 22. dxe6 Qxe6 23. Rc2 d5 24. Qe2 dxe4 25. dxe4 Rd8 26. Bxe3 Bxe3+ 27. Qxe3 Rd4 28. axb6 axb6 29. Ra1 Qd7 30. Rca2 Rd3 31. Qc1 Qd4+ 32. Kh1 Rxf3 33. Ra8+ Kg7 34. R8a7+ Rf7 35. Qe1 Rxa7 36. Rxa7+ Kh6 37. Ra2 g5 38. Rd2 1/2-1/2

[Event "HUN-chT 0809"]
[Site "Hungary"]
[Date "2009.04.05"]
[Round "10"]
[White "Flumbort, Andras"]
[Black "Lorincz, Istvan"]
[Result "1-0"]
[WhiteElo "2489"]
[BlackElo "2300"]
[PlyCount "97"]
[EventDate "2008.10.26"]
[EventType "team-tourn"]
[EventRounds "11"]
[EventCountry "HUN"]
[SourceTitle "EXT 2010"]
[Source "ChessBase"]
[SourceDate "2010.11.25"]
[SourceVersion "1"]
[SourceVersionDate "2010.11.25"]
[SourceQuality "1"]
[WhiteTeam "Aquaprofit"]
[BlackTeam "MLTC"]
[WhiteTeamCountry "HUN"]
[BlackTeamCountry "HUN"]

1. d4 Nf6 2. c4 e6 3. Nc3 Bb4 4. Qc2 0-0 5. a3 Bxc3+ 6. Qxc3 d5 7. Nf3 Nbd7 8. g3 b6 9. Bg2 Bb7 10. 0-0 c5 11. cxd5 Bxd5 12. b4 cxd4 13. Qxd4 Rc8 14. Bf4 Qe7 15. Qb2 h6 16. Rac1 Rfd8 17. Rfd1 Nf8 18. b5 Ng6 19. Be3 Bb7 20. Bd4 Rxc1 21. Rxc1 Ne8 22. a4 Qd7 23. Be3 Bd5 24. Rd1 Qc7 25. Qa1 Nd6 26. Bd4 f6 27. Bc3 Ne4 28. Be1 Nc5 29. Bb4 Rc8 30. Bh3 Ne7 31. Nd4 Kf7 32. Qa3 Qe5 33. f3 f5 34. Kf2 g5 35. Qe3 Qxe3+ 36. Kxe3 a5 37. bxa6 Nxa6 38. Bxe7 Kxe7 39. Nxf5+ Kf6 40. Nxh6 Rc3+ 41. Kf2 Ra3 42. Ng4+ Ke7 43. Ne5 Rxa4 44. e4 Ra2+ 45. Kg1 Bb3 46. Rd7+ Ke8 47. Rb7 Ra1+ 48. Bf1 Bd1 49. Kf2 1-0

[Event "HUN-chT 0809"]
[Site "Hungary"]
[Date "2009.02.22"]
[Round "8"]
[White "Horvath, Tamas"]
[Black "Lorincz, Istvan"]
[Result "1-0"]
[WhiteElo "2416"]
[BlackElo "2300"]
[PlyCount "57"]
[EventDate "2008.10.26"]
[EventType "team-tourn"]
[EventRounds "11"]
[EventCountry "HUN"]
[SourceTitle "EXT 2010"]
[Source "ChessBase"]
[SourceDate "2010.11.25"]
[SourceVersion "1"]
[SourceVersionDate "2010.11.25"]
[SourceQuality "1"]
[WhiteTeam "Csuti"]
[BlackTeam "MLTC"]
[WhiteTeamCountry "HUN"]
[BlackTeamCountry "HUN"]

1. c4 Nf6 2. Nc3 e6 3. d4 Bb4 4. a3 Bxc3+ 5. bxc3 c6 6. e3 0-0 7. Bd3 d5 8. Ne2 b6 9. 0-0 Ba6 10. cxd5 Bxd3 11. Qxd3 cxd5 12. f3 Nc6 13. e4 h6 14. c4 dxc4 15. Qxc4 Rc8 16. Be3 Qd7 17. Rad1 Qb7 18. Qa2 Na5 19. Ng3 Rc4 20. d5 Rfc8 21. dxe6 fxe6 22. Rf2 Qf7 23. h3 Kh8 24. Rfd2 Qe7 25. Ne2 R4c7 26. Nf4 Qe8 27. Nxe6 Rd7 28. Rxd7 Nxd7 29. Bxh6 1-0